Off campus - Family / Next Generation - Statistics

General Stats
  • This quiz has been taken 76 times
  • The average score is 19 of 34
Answer Stats
Hint Answer % Correct
The Deal Hannah Wells
100%
The Deal Garrett Graham
98%
The Score Dean Heyward Di-Laurentis
95%
The Score Allie Hayes
94%
The Goal / Kid #1 James (Jamie) Tucker
94%
The Mistake John Logan
94%
The Goal John Tucker
94%
The Mistake Grace Ivers
89%
Kid #1 Beau Heyward Di-Laurentis
81%
The Goal Sabrina James
79%
The Chase Summer Heyward Di-Laurentis
77%
The Graham Effect / Kid #1 Gigi Graham / Ryder
74%
The Play Hunter Davenport
74%
Love Song / Kid #1 Wyatt Graham
71%
The Chase Colin Fitzgerald
63%
Kid #2 Ivy Heyward Di-Laurentis
63%
The Risk Jake Connelly
61%
Love Song / Kid #1 Blake Logan
55%
The Risk Brenna Jensen
55%
The Graham Effect (Luke) Ryder
53%
The Play Demi Davis
50%
Kid #3 Kate Heyward Di-Laurentis
45%
Kid #1 AJ (Adam Jensen) Connelly
44%
Kid #2 Alexandra Tucker
37%
The Dare Taylor Marsh
35%
The Dare Conor Edwards
32%
Kid #2 Stella Davenport
24%
Kid #1 Gray Davenport
21%
Kid #1 Hudson Fitzgerald
18%
Kid #3 Liam Fitzgerald
18%
Kid #5 Molly Fitzgerald
18%
Kid #2 Caine Fitzgerald
13%
Kid #4 Hardy Fitzgerald
11%
Kid #1 Morgan Edwards
8%
No matching quizzes found
Score Distribution
Percent of People with Each Score
Percentile by Number Answered
Your Score History
You have not taken this quiz